000 00551nam a2200193Ia 4500
005 20250508152212.0
008 008 250505s9999 xx 000 0 eng d
037 _aTextual
040 _aFEDL
_beng
_cFEDL
041 _aeng
_2eng
084 _a372.89, HIL
_qFEDL
100 _aHillyer V M
_9760915
245 0 _aChild's history of the world
260 _aNew York, USA
_bAppleton - Century - Crofts
_c1924
300 _axviii,512p.
700 _a Huey Edward G
_9761014
942 _cTEXL
_h372.89, HIL
999 _c1334939
_d1334939